000 00918nam a2200265 i 4500
001 169971
003 ES-MaACL
005 20250708022730.0
008 090102s1991 fr |||| | fre d
080 _a78(44)"19"
245 0 0 _a40 ans de succès
_b: 1900-1940 : collection de 110 succès.
246 3 0 _aCollection de 110 succès
260 _aParis :
_bPaul Beuscher,
_c[1991?]
300 _a229 p. :
_bmús. ;
_c27 cm.
490 1 _aCollection 110 succès de 1900 a 1990 ;
_v1
500 _aContiene música impresa.
500 _aÍndices.
596 _aEn cub.: Editions et Instruments.
650 4 _aMúsica-
_zFrancia.
_915390
650 0 4 _aCanciones-
_vPartituras.
_910721
650 0 4 _aCanciones francesas-
_yS.XX
_910729
830 0 _aCollection 110 succès de 1900 a 1990 ;
_v1
_9188913
852 4 _aES-MaACL
_jE-12380
_z. - Biblioteca Jacinto Martínez Lacalle
999 _c169971
_d169971